000 00362nam a2200109Ia 4500
008 240129s9999 xx 000 0 und d
100 _aHEMA, DUBA
245 0 _aOPTIMISED SINGULAR VALUE DECOMPOSITION REPRESENTATION FOR UNIQUE FACE RECOGNITION
260 _bMEWAR UNIVERSITY, CHITTORGARH
_c2021
650 _aElectronic & Communication Engineering
942 _cTHE
999 _c218911
_d218911